| 000 | 00659nam a2200157Ia 4500 | ||
|---|---|---|---|
| 005 | 20250117103852.0 | ||
| 008 | 250117s9999 xx 000 0 und d | ||
| 020 | _a9780141044804 | ||
| 082 | _a330GLA | ||
| 100 | _aGladwell, Malcolm. | ||
| 245 | 0 | _aWhat the dog saw and other adventures | |
| 260 |
_aLondon _bPenguin _c2009 |
||
| 300 | _axv, 410 p. ; 21 cm. | ||
| 500 | _aIncludes index. | ||
| 520 | _aWhat is the difference between choking and panicking? Why are there dozens of varieties of mustard-but only one variety of ketchup? What do football players teach us about how to hire teachers? What does hair dye tell us about the history of the 20th century? | ||
| 999 |
_c7286 _d7286 |
||